[Event "VIE-ch U07"]
[Site "Ho Chi Minh City"]
[Date "2014.07.15"]
[Round "4"]
[White "Nguyen, Viet Trung Khai"]
[Black "Nguyen, Thanh Tuong"]
[Result "1-0"]
[WhiteElo "1400"]
[BlackElo "1361"]
[PlyCount "42"]
[EventDate "2014.07.13"]
[EventType "swiss"]
[EventRounds "9"]
[EventCountry "VIE"]
[SourceTitle "EXT 2016"]
[Source "ChessBase"]
[SourceDate "2015.10.08"]
[SourceVersion "1"]
[SourceVersionDate "2015.10.08"]
[SourceQuality "1"]

1. c4 e5 2. Nc3 d6 3. e3 Nf6 4. Nf3 Be6 5. d4 exd4 6. exd4 c6 7. Bd3 Be7 8. 0-0 0-0 9. Bg5 Nbd7 10. Be2 Nb6 11. c5 dxc5 12. dxc5 Bxc5 13. Qxd8 Raxd8 14. Bxf6 gxf6 15. Rad1 Rxd1 16. Rxd1 Bg4 17. h3 Bxf3 18. Bxf3 Re8 19. Ne4 Bb4 20. Nxf6+ Kf8 21. Nxe8 Kxe8 1-0

[Event "VIE-ch U07"]
[Site "Ho Chi Minh City"]
[Date "2014.07.14"]
[Round "3"]
[White "Pham, Hoang Quan"]
[Black "Nguyen, Viet Trung Khai"]
[Result "1-0"]
[WhiteElo "1374"]
[BlackElo "1400"]
[PlyCount "67"]
[EventDate "2014.07.13"]
[EventType "swiss"]
[EventRounds "9"]
[EventCountry "VIE"]
[SourceTitle "EXT 2016"]
[Source "ChessBase"]
[SourceDate "2015.10.08"]
[SourceVersion "1"]
[SourceVersionDate "2015.10.08"]
[SourceQuality "1"]

1. e4 e5 2. Nf3 Nc6 3. d4 exd4 4. Nxd4 Bc5 5. Nxc6 dxc6 6. Qxd8+ Kxd8 7. Nc3 Nf6 8. Bc4 Be6 9. Bxe6 fxe6 10. Bg5 Ke8 11. 0-0 Kf7 12. e5 Nd7 13. Ne4 Bb6 14. Bf4 h6 15. Rad1 Rad8 16. Rd2 Nb8 17. Rfd1 Rxd2 18. Rxd2 Rf8 19. b4 g5 20. Bg3 Ke7 21. c4 a6 22. c5 Ba7 23. Nf6 b6 24. cxb6 Bxb6 25. a4 a5 26. bxa5 Bxa5 27. Rb2 Rd8 28. h3 Bb6 29. h4 gxh4 30. Bxh4 Kf7 31. Ng4 Rh8 32. Bf6 Rh7 33. a5 Bxa5 34. Rxb8 1-0